[Event "Irena Warakomska Memorial A"]
[Site "Suwalki"]
[Date "2021.07.29"]
[Round "3"]
[White "Rudzinska, Michalina"]
[Black "Kozlowski, Michal"]
[Result "1-0"]
[Board "25"]
[WhiteElo "2238"]
[WhiteTitle "WFM"]
[WhiteCountry "POL"]
[WhiteFideId "1172883"]
[WhiteEloChange "5"]
[BlackElo "2043"]
[BlackCountry "POL"]
[BlackFideId "21838194"]
[BlackEloChange "-5"]

1. Nf3 {[%clk 1:30:50]} Nf6 {[%clk 1:30:57]} 2. b3 {[%clk 1:30:50]} b6 {[%clk
1:30:57]} 3. Bb2 {[%clk 1:30:50]} Bb7 {[%clk 1:30:57]} 4. e3 {[%clk 1:31:04]} e6
{[%clk 1:30:57]} 5. d4 {[%clk 1:31:04]} d6 {[%clk 1:31:06]} 6. Bd3 {[%clk
1:31:04]} Be7 {[%clk 1:31:06]} 7. Nbd2 {[%clk 1:31:08]} c5 {[%clk 1:31:06]} 8.
O-O {[%clk 1:31:12]} O-O {[%clk 1:31:06]} 9. dxc5 {[%clk 1:07:27]} bxc5 {[%clk
1:31:31]} 10. Qe2 {[%clk 1:07:27]} Nc6 11. c4 {[%clk 1:07:27]} Nb4 12. Bb1 {[%clk
1:07:27]} e5 13. a3 {[%clk 1:07:27]} Nc6 14. Rd1 {[%clk 1:07:27]} Qc7 15. Ng5
{[%clk 1:07:27]} h6 16. Nge4 {[%clk 1:07:27]} Nxe4 17. Nxe4 {[%clk 1:07:27]} Na5
18. Ng3 {[%clk 1:07:27]} g6 19. Bc2 {[%clk 1:07:27]} f5 20. Bc3 {[%clk 1:07:27]}
Rac8 21. f4 {[%clk 1:07:27]} Nc6 22. Nxf5 {[%clk 1:07:27]} Rxf5 23. Bxf5 {[%clk
1:07:27]} gxf5 24. Qh5 {[%clk 1:07:27]} Bf8 25. fxe5 {[%clk 1:07:27]} Nxe5 26.
Bxe5 {[%clk 1:07:27]} dxe5 27. Qxf5 {[%clk 1:07:27]} Bc6 28. Rd2 {[%clk 1:07:27]}
Re8 29. Rf1 {[%clk 1:07:27]} Qg7 30. Rdf2 {[%clk 1:07:27]} Bd6 31. e4 {[%clk
1:07:27]} Bd7 32. Qh5 {[%clk 1:07:27]} Rf8 33. Qd1 {[%clk 1:07:27]} Rxf2 34. Rxf2
{[%clk 1:07:27]} Bf8 35. Qd5+ {[%clk 1:07:27]} Kh8 36. Rf7 {[%clk 1:07:27]} Bc6
37. Qe6 {[%clk 1:07:27]} 1-0

[Event "Irena Warakomska Memorial A"]
[Site "Suwalki"]
[Date "2021.07.29"]
[Round "3"]
[White "Backiel, Hubert"]
[Black "Mulet, Piotr"]
[Result "1-0"]
[Board "26"]
[WhiteElo "1955"]
[WhiteCountry "POL"]
[WhiteFideId "21838631"]
[WhiteEloChange "16"]
[BlackElo "2215"]
[BlackTitle "FM"]
[BlackCountry "POL"]
[BlackFideId "1106244"]
[BlackEloChange "-16"]

1. e4 {[%clk 1:28:27]} c5 {[%clk 1:28:03]} 2. Nf3 {[%clk 1:28:39]} Nc6 {[%clk
1:28:25]} 3. d4 {[%clk 1:27:20]} cxd4 {[%clk 1:28:50]} 4. Nxd4 {[%clk 1:27:42]}
g6 {[%clk 1:28:52]} 5. c4 {[%clk 1:24:18]} Bg7 {[%clk 1:28:58]} 6. Be3 {[%clk
1:24:16]} d6 {[%clk 1:27:31]} 7. Nc3 {[%clk 1:23:51]} Nf6 {[%clk 1:27:55]} 8. f3
{[%clk 1:22:17]} O-O {[%clk 1:25:10]} 9. Qd2 {[%clk 1:21:34]} a6 {[%clk 1:20:35]}
10. O-O-O {[%clk 1:17:39]} Nxd4 {[%clk 1:19:57]} 11. Bxd4 {[%clk 1:17:20]} Be6
{[%clk 1:19:25]} 12. Kb1 {[%clk 1:15:33]} b5 {[%clk 1:12:44]} 13. Nd5 {[%clk
0:59:33]} Bxd5 {[%clk 0:53:58]} 14. cxd5 {[%clk 0:59:01]} Nd7 {[%clk 0:49:35]}
15. Bxg7 {[%clk 0:54:57]} Kxg7 {[%clk 0:49:59]} 16. h4 {[%clk 0:55:20]} f6 {[%clk
0:49:07]} 17. h5 {[%clk 0:50:44]} g5 {[%clk 0:49:19]} 18. h6+ {[%clk 0:50:24]}
Kh8 {[%clk 0:49:39]} 19. g3 {[%clk 0:43:54]} Qb6 {[%clk 0:48:55]} 20. f4 {[%clk
0:37:40]} Rg8 {[%clk 0:39:03]} 21. Bd3 {[%clk 0:25:41]} gxf4 {[%clk 0:35:54]} 22.
gxf4 {[%clk 0:25:22]} Rg3 {[%clk 0:36:14]} 23. e5 {[%clk 0:20:58]} Rag8 {[%clk
0:33:03]} 24. Bf5 {[%clk 0:13:25]} Rg2 {[%clk 0:33:28]} 25. Qc1 {[%clk 0:13:23]}
Nc5 {[%clk 0:26:40]} 26. exf6 {[%clk 0:12:19]} exf6 {[%clk 0:27:04]} 27. Rhe1
{[%clk 0:10:10]} Qd8 {[%clk 0:26:41]} 28. Qe3 {[%clk 0:08:33]} Rh2 {[%clk
0:25:22]} 29. Rd2 {[%clk 0:04:47]} Rxh6 {[%clk 0:25:38]} 30. Be6 {[%clk 0:03:28]}
Rg7 {[%clk 0:22:04]} 31. Rde2 {[%clk 0:01:31]} Re7 {[%clk 0:13:33]} 32. Qd4
{[%clk 0:01:38]} a5 {[%clk 0:13:44]} 33. f5 {[%clk 0:01:17]} Re8 {[%clk 0:12:39]}
34. Rg2 {[%clk 0:01:03]} Nxe6 {[%clk 0:09:00]} 35. dxe6 {[%clk 0:01:31]} Qa8
{[%clk 0:07:39]} 36. Reg1 {[%clk 0:01:39]} Rc8 {[%clk 0:08:09]} 37. Qg4 {[%clk
0:01:37]} 1-0

[Event "Irena Warakomska Memorial A"]
[Site "Suwalki"]
[Date "2021.07.29"]
[Round "3"]
[White "Kubicka, Anna"]
[Black "Jarocka, Liwia"]
[Result "1/2-1/2"]
[Board "27"]
[WhiteElo "2210"]
[WhiteTitle "WIM"]
[WhiteCountry "POL"]
[WhiteFideId "1152254"]
[WhiteEloChange "-6"]
[BlackElo "1984"]
[BlackTitle "FM"]
[BlackCountry "POL"]
[BlackFideId "21807558"]
[BlackEloChange "6"]

1. e4 {[%clk 1:27:33]} e5 {[%clk 1:30:53]} 2. Nc3 {[%clk 1:26:59]} Nf6 {[%clk
1:31:15]} 3. g3 {[%clk 1:27:15]} d5 {[%clk 1:31:25]} 4. exd5 {[%clk 1:27:39]}
Nxd5 {[%clk 1:31:49]} 5. Bg2 {[%clk 1:27:56]} Nxc3 {[%clk 1:31:54]} 6. bxc3
{[%clk 1:28:20]} Bd6 {[%clk 1:32:13]} 7. Nf3 {[%clk 1:28:19]} Nc6 {[%clk
1:31:58]} 8. O-O {[%clk 1:28:35]} O-O {[%clk 1:32:17]} 9. d3 {[%clk 1:27:59]} h6
{[%clk 1:31:25]} 10. Nd2 {[%clk 1:25:00]} Be6 {[%clk 1:23:18]} 11. Ne4 {[%clk
1:24:24]} Be7 {[%clk 1:22:02]} 12. Be3 {[%clk 1:22:40]} Rb8 {[%clk 1:10:53]} 13.
Nc5 {[%clk 1:12:29]} Bd5 {[%clk 1:09:32]} 14. Bh3 {[%clk 1:05:06]} Bxc5 {[%clk
1:08:38]} 15. Bxc5 {[%clk 1:05:30]} Re8 {[%clk 1:09:01]} 16. c4 {[%clk 1:04:01]}
Be6 {[%clk 1:09:28]} 17. Bg2 {[%clk 1:04:18]} Qd7 {[%clk 1:09:09]} 18. f4 {[%clk
0:43:33]} Bg4 {[%clk 1:07:12]} 19. Qd2 {[%clk 0:25:33]} e4 {[%clk 0:52:39]} 20.
Rae1 {[%clk 0:15:59]} exd3 {[%clk 0:50:59]} 21. cxd3 {[%clk 0:16:25]} Rbd8 {[%clk
0:51:13]} 22. Rxe8+ {[%clk 0:14:15]} Qxe8 {[%clk 0:51:29]} 23. Re1 {[%clk
0:13:24]} Qd7 {[%clk 0:51:47]} 24. Bf2 {[%clk 0:12:35]} Nd4 {[%clk 0:46:43]} 25.
Bxd4 {[%clk 0:10:07]} Qxd4+ {[%clk 0:45:24]} 26. Qe3 {[%clk 0:10:32]} c6 {[%clk
0:39:26]} 27. Qxd4 {[%clk 0:10:33]} Rxd4 {[%clk 0:39:54]} 28. Re8+ {[%clk
0:06:51]} Kh7 {[%clk 0:40:18]} 29. Re7 {[%clk 0:03:33]} Rd7 {[%clk 0:33:41]} 30.
Rxd7 {[%clk 0:03:42]} Bxd7 {[%clk 0:34:07]} 31. Kf2 {[%clk 0:03:44]} Kg6 {[%clk
0:34:25]} 32. Ke3 {[%clk 0:04:12]} Kf6 {[%clk 0:34:47]} 33. Kd4 {[%clk 0:03:05]}
Ke7 {[%clk 0:33:32]} 34. a3 {[%clk 0:03:17]} Be6 {[%clk 0:26:02]} 35. Kc5 {[%clk
0:02:36]} Kd7 {[%clk 0:26:06]} 36. d4 {[%clk 0:02:24]} b6+ {[%clk 0:26:08]} 37.
Kb4 {[%clk 0:02:50]} a5+ {[%clk 0:25:23]} 38. Kc3 {[%clk 0:03:10]} Kd6 {[%clk
0:25:00]} 39. Be4 {[%clk 0:02:16]} Bh3 {[%clk 0:21:52]} 40. Bf3 {[%clk 0:31:43]}
f6 {[%clk 0:47:28]} 41. Be2 {[%clk 0:31:22]} Be6 {[%clk 0:45:22]} 42. Kd2 {[%clk
0:31:01]} Bf5 {[%clk 0:38:02]} 43. Ke3 {[%clk 0:22:51]} Bh7 {[%clk 0:35:31]} 44.
Bf3 {[%clk 0:18:06]} Bf5 {[%clk 0:34:48]} 45. Kd2 {[%clk 0:16:02]} Be6 {[%clk
0:34:41]} 46. Kc3 {[%clk 0:15:44]} Bf5 {[%clk 0:35:00]} 47. Be2 {[%clk 0:14:06]}
Bd7 {[%clk 0:34:03]} 48. Bf3 {[%clk 0:13:26]} Bf5 {[%clk 0:34:12]} 49. Be2 {[%clk
0:13:38]} 1/2-1/2

[Event "Irena Warakomska Memorial A"]
[Site "Suwalki"]
[Date "2021.07.29"]
[Round "3"]
[White "Dylag, Emilia"]
[Black "Leniart, Arkadiusz"]
[Result "0-1"]
[Board "28"]
[WhiteElo "2144"]
[WhiteTitle "WFM"]
[WhiteCountry "POL"]
[WhiteFideId "21805172"]
[WhiteEloChange "-2"]
[BlackElo "2499"]
[BlackTitle "GM"]
[BlackCountry "POL"]
[BlackFideId "1124226"]
[BlackEloChange "1"]

1. d4 {[%clk 1:30:57]} Nf6 {[%clk 1:30:55]} 2. c4 {[%clk 1:31:13]} e6 {[%clk
1:31:18]} 3. Nf3 {[%clk 1:31:29]} c5 {[%clk 1:31:42]} 4. d5 {[%clk 1:31:20]} b5
{[%clk 1:32:04]} 5. dxe6 {[%clk 1:31:12]} fxe6 {[%clk 1:32:27]} 6. cxb5 {[%clk
1:31:09]} d5 {[%clk 1:32:49]} 7. Nbd2 {[%clk 1:29:46]} Bb7 {[%clk 1:19:12]} 8. e3
{[%clk 1:26:56]} Nbd7 {[%clk 1:14:43]} 9. Be2 {[%clk 1:26:05]} Bd6 {[%clk
1:08:20]} 10. b3 {[%clk 1:23:02]} O-O {[%clk 1:01:49]} 11. Bb2 {[%clk 1:19:21]}
Qe7 {[%clk 0:58:05]} 12. O-O {[%clk 1:17:05]} Rad8 {[%clk 0:48:59]} 13. Qc2
{[%clk 1:11:06]} Bb8 {[%clk 0:44:09]} 14. Rad1 {[%clk 0:58:51]} Kh8 {[%clk
0:43:49]} 15. Bd3 {[%clk 0:51:14]} Qd6 {[%clk 0:33:14]} 16. Rfe1 {[%clk 0:43:49]}
Ng4 {[%clk 0:25:50]} 17. g3 {[%clk 0:31:27]} e5 {[%clk 0:21:02]} 18. Bf5 {[%clk
0:23:58]} Nxf2 {[%clk 0:15:24]} 19. Kxf2 {[%clk 0:23:24]} Qh6 {[%clk 0:13:02]}
20. Kg2 {[%clk 0:20:39]} e4 {[%clk 0:12:15]} 21. Nh4 {[%clk 0:17:00]} Ne5 {[%clk
0:09:35]} 22. Bxe5 {[%clk 0:15:30]} Bxe5 {[%clk 0:10:00]} 23. Qxc5 {[%clk
0:14:17]} g5 {[%clk 0:07:14]} 24. Qe7 {[%clk 0:10:13]} Qg7 {[%clk 0:07:36]} 25.
Ng6+ {[%clk 0:09:21]} hxg6 {[%clk 0:08:00]} 26. Qxg7+ {[%clk 0:09:46]} Kxg7
{[%clk 0:07:42]} 27. Bg4 {[%clk 0:10:05]} Bc3 {[%clk 0:05:33]} 28. Re2 {[%clk
0:09:03]} a6 {[%clk 0:03:27]} 29. Nb1 {[%clk 0:08:05]} Be5 {[%clk 0:03:27]} 30.
bxa6 {[%clk 0:07:24]} Bxa6 {[%clk 0:03:53]} 31. Red2 {[%clk 0:07:39]} d4 {[%clk
0:03:27]} 32. exd4 {[%clk 0:07:00]} e3 {[%clk 0:02:12]} 33. Rc2 {[%clk 0:05:57]}
Bxd4 {[%clk 0:02:10]} 34. Nc3 {[%clk 0:03:27]} Bb7+ {[%clk 0:02:26]} 35. Kg1
{[%clk 0:03:14]} e2+ {[%clk 0:02:49]} 0-1

[Event "Irena Warakomska Memorial A"]
[Site "Suwalki"]
[Date "2021.07.29"]
[Round "3"]
[White "Karolczuk, Iwo"]
[Black "Indriunas, Matas"]
[Result "1/2-1/2"]
[Board "29"]
[WhiteElo "2129"]
[WhiteCountry "POL"]
[WhiteFideId "21816972"]
[WhiteEloChange "2"]
[BlackElo "2210"]
[BlackCountry "LTU"]
[BlackFideId "12812897"]
[BlackEloChange "-2"]

1. d4 {[%clk 1:30:37]} Nf6 {[%clk 1:30:45]} 2. c4 {[%clk 1:31:01]} e6 {[%clk
1:30:10]} 3. Nf3 {[%clk 1:31:17]} b6 {[%clk 1:29:15]} 4. e3 {[%clk 1:31:35]} Bb7
{[%clk 1:28:29]} 5. Bd3 {[%clk 1:31:58]} d5 {[%clk 1:23:28]} 6. cxd5 {[%clk
1:32:13]} exd5 {[%clk 1:22:47]} 7. O-O {[%clk 1:32:26]} Bd6 {[%clk 1:21:32]} 8.
b3 {[%clk 1:32:52]} Qe7 {[%clk 1:19:22]} 9. Bb2 {[%clk 1:29:45]} Nbd7 {[%clk
1:15:09]} 10. a4 {[%clk 1:27:21]} a5 {[%clk 1:08:50]} 11. Ba3 {[%clk 1:26:17]}
O-O {[%clk 1:03:46]} 12. Bxd6 {[%clk 1:24:15]} Qxd6 {[%clk 1:04:12]} 13. Nc3
{[%clk 1:24:08]} c6 {[%clk 1:03:40]} 14. Qc2 {[%clk 1:21:52]} Rfe8 {[%clk
0:58:07]} 15. Rac1 {[%clk 1:19:37]} Rac8 {[%clk 0:51:05]} 16. Qe2 {[%clk
1:13:35]} Qb4 {[%clk 0:41:21]} 17. Nd2 {[%clk 1:13:09]} Nf8 {[%clk 0:34:36]} 18.
Na2 {[%clk 1:09:40]} Qa3 {[%clk 0:31:28]} 19. Nb1 {[%clk 1:08:07]} Qd6 {[%clk
0:30:04]} 20. Nac3 {[%clk 1:06:32]} Ne6 {[%clk 0:29:55]} 21. Qf3 {[%clk 1:06:26]}
Nc7 {[%clk 0:26:55]} 22. Nd2 {[%clk 1:03:29]} Ba6 {[%clk 0:23:17]} 23. Qe2 {[%clk
1:02:37]} Ra8 {[%clk 0:22:55]} 24. Nf3 {[%clk 1:00:48]} Nd7 {[%clk 0:22:37]} 25.
Rfd1 {[%clk 0:55:49]} Bxd3 {[%clk 0:21:02]} 26. Qxd3 {[%clk 0:56:14]} Na6 {[%clk
0:21:15]} 27. Na2 {[%clk 0:51:12]} f6 {[%clk 0:21:22]} 28. Rd2 {[%clk 0:51:04]}
Ra7 {[%clk 0:21:20]} 29. h3 {[%clk 0:50:29]} Ndb8 {[%clk 0:20:56]} 30. Re1 {[%clk
0:46:48]} Rae7 {[%clk 0:19:16]} 31. Rde2 {[%clk 0:46:19]} Nb4 {[%clk 0:12:16]}
32. Nxb4 {[%clk 0:46:30]} Qxb4 {[%clk 0:12:42]} 33. e4 {[%clk 0:43:57]} dxe4
{[%clk 0:12:54]} 34. Rxe4 {[%clk 0:43:27]} Qd6 {[%clk 0:11:39]} 35. Qc4+ {[%clk
0:34:44]} Kf8 {[%clk 0:11:29]} 36. Rxe7 {[%clk 0:32:35]} Rxe7 {[%clk 0:11:53]}
37. Rxe7 {[%clk 0:32:47]} Qxe7 {[%clk 0:12:08]} 38. d5 {[%clk 0:30:16]} cxd5
{[%clk 0:06:26]} 39. Qxd5 {[%clk 0:30:13]} 1/2-1/2

[Event "Irena Warakomska Memorial A"]
[Site "Suwalki"]
[Date "2021.07.29"]
[Round "3"]
[White "Krzywda, Andrzej"]
[Black "Shilov, Sergej"]
[Result "1-0"]
[Board "30"]
[WhiteElo "2105"]
[WhiteTitle "CM"]
[WhiteCountry "POL"]
[WhiteFideId "1114565"]
[WhiteEloChange "13"]
[BlackElo "2197"]
[BlackTitle "FM"]
[BlackCountry "UKR"]
[BlackFideId "14101505"]
[BlackEloChange "-13"]

1. e4 {[%clk 1:30:56]} Nf6 {[%clk 1:30:33]} 2. e5 {[%clk 1:31:11]} Nd5 {[%clk
1:31:01]} 3. d4 {[%clk 1:31:35]} d6 {[%clk 1:31:21]} 4. Nf3 {[%clk 1:31:44]} Bg4
{[%clk 1:30:58]} 5. Be2 {[%clk 1:31:52]} e6 {[%clk 1:29:53]} 6. O-O {[%clk
1:31:35]} Be7 {[%clk 1:29:00]} 7. h3 {[%clk 1:30:28]} Bh5 {[%clk 1:28:55]} 8. c4
{[%clk 1:30:48]} Nb6 {[%clk 1:28:56]} 9. Nc3 {[%clk 1:30:34]} O-O {[%clk
1:27:38]} 10. Be3 {[%clk 1:30:29]} Nc6 {[%clk 1:27:19]} 11. exd6 {[%clk 1:26:23]}
cxd6 {[%clk 1:27:36]} 12. d5 {[%clk 1:21:46]} Bxf3 {[%clk 1:20:17]} 13. Bxf3
{[%clk 1:21:05]} Ne5 {[%clk 1:20:34]} 14. dxe6 {[%clk 1:13:54]} fxe6 {[%clk
1:18:05]} 15. Bg4 {[%clk 1:11:25]} Nxg4 {[%clk 1:06:10]} 16. Qxg4 {[%clk
1:11:44]} Rf6 {[%clk 1:05:59]} 17. Rfe1 {[%clk 1:06:31]} Rg6 {[%clk 1:03:44]} 18.
Qe4 {[%clk 1:01:49]} Qc7 {[%clk 0:53:06]} 19. Rac1 {[%clk 0:58:18]} Qc6 {[%clk
0:38:37]} 20. Bxb6 {[%clk 0:48:07]} axb6 {[%clk 0:35:38]} 21. b3 {[%clk 0:30:07]}
Rf8 {[%clk 0:32:22]} 22. Rc2 {[%clk 0:26:16]} Rf4 {[%clk 0:27:55]} 23. Qxc6
{[%clk 0:26:19]} bxc6 {[%clk 0:28:23]} 24. Na4 {[%clk 0:22:59]} Bd8 {[%clk
0:27:22]} 25. Rd1 {[%clk 0:22:10]} Bc7 {[%clk 0:22:49]} 26. Nb2 {[%clk 0:22:34]}
d5 {[%clk 0:21:14]} 27. Rdc1 {[%clk 0:20:34]} c5 {[%clk 0:17:51]} 28. b4 {[%clk
0:15:45]} Bd6 {[%clk 0:12:40]} 29. bxc5 {[%clk 0:14:37]} bxc5 {[%clk 0:12:53]}
30. cxd5 {[%clk 0:14:12]} exd5 {[%clk 0:13:13]} 31. Nd3 {[%clk 0:14:24]} Rf3
{[%clk 0:13:10]} 32. Nxc5 {[%clk 0:13:36]} Rxh3 {[%clk 0:12:54]} 33. Nb7 {[%clk
0:09:39]} Bf4 {[%clk 0:05:53]} 34. Rc8+ {[%clk 0:09:56]} Kf7 {[%clk 0:06:11]} 35.
Re1 {[%clk 0:04:51]} Ra3 {[%clk 0:02:02]} 36. Nd8+ {[%clk 0:01:53]} Kf6 {[%clk
0:02:15]} 37. Ne6 {[%clk 0:01:20]} Be5 {[%clk 0:01:00]} 38. Nf8 {[%clk 0:01:21]}
Rg5 {[%clk 0:00:53]} 39. Nxh7+ {[%clk 0:01:32]} 1-0

[Event "Irena Warakomska Memorial A"]
[Site "Suwalki"]
[Date "2021.07.29"]
[Round "3"]
[White "Jankowiak, Piotr"]
[Black "Dzhuguryan, Tygran"]
[Result "1/2-1/2"]
[Board "31"]
[WhiteElo "2039"]
[WhiteCountry "POL"]
[WhiteFideId "1185250"]
[WhiteEloChange "4"]
[BlackElo "2176"]
[BlackCountry "POL"]
[BlackFideId "21872988"]
[BlackEloChange "-4"]

1. d4 {[%clk 1:30:55]} d5 {[%clk 1:30:51]} 2. Bf4 {[%clk 1:30:43]} c5 {[%clk
1:30:08]} 3. c3 {[%clk 1:31:03]} Nc6 {[%clk 1:29:55]} 4. e3 {[%clk 1:30:18]} cxd4
{[%clk 1:30:07]} 5. exd4 {[%clk 1:26:04]} Bf5 {[%clk 1:30:19]} 6. Qb3 {[%clk
1:23:25]} Qd7 {[%clk 1:30:39]} 7. Nf3 {[%clk 1:21:51]} f6 {[%clk 1:31:02]} 8. h4
{[%clk 1:17:10]} h5 {[%clk 1:31:10]} 9. Na3 {[%clk 1:05:21]} e6 {[%clk 1:30:35]}
10. Be2 {[%clk 0:56:34]} Rc8 {[%clk 1:24:59]} 11. O-O {[%clk 0:49:07]} Nge7
{[%clk 1:20:21]} 12. Rac1 {[%clk 0:41:56]} Ng6 {[%clk 1:20:35]} 13. Bg3 {[%clk
0:41:14]} Na5 {[%clk 1:15:08]} 14. Qb5 {[%clk 0:39:47]} Qxb5 {[%clk 1:15:30]} 15.
Nxb5 {[%clk 0:37:08]} a6 {[%clk 1:15:51]} 16. Nd6+ {[%clk 0:35:39]} Bxd6 {[%clk
1:16:18]} 17. Bxd6 {[%clk 0:36:04]} Kd7 {[%clk 1:15:59]} 18. Bg3 {[%clk 0:35:13]}
Nc4 {[%clk 1:14:10]} 19. b3 {[%clk 0:30:18]} Nd6 {[%clk 1:14:31]} 20. Nd2 {[%clk
0:29:33]} Nb5 {[%clk 1:11:23]} 21. Bxb5+ {[%clk 0:08:17]} axb5 {[%clk 1:11:03]}
22. Rfd1 {[%clk 0:08:01]} Bd3 {[%clk 1:09:09]} 23. Nf1 {[%clk 0:07:52]} Bxf1
{[%clk 1:09:23]} 24. Kxf1 {[%clk 0:08:15]} Rc6 {[%clk 1:09:26]} 25. Rd2 {[%clk
0:06:03]} Rhc8 {[%clk 1:09:00]} 26. Rdc2 {[%clk 0:06:26]} Ne7 {[%clk 1:09:24]}
27. f3 {[%clk 0:05:08]} Ra8 {[%clk 1:06:23]} 28. Ke2 {[%clk 0:05:21]} Rca6 {[%clk
1:06:28]} 29. Ra1 {[%clk 0:05:47]} Ra3 {[%clk 1:06:09]} 30. Rb2 {[%clk 0:05:49]}
Nc6 {[%clk 1:06:36]} 31. Kd3 {[%clk 0:05:13]} Ne7 {[%clk 1:01:10]} 32. Bf2 {[%clk
0:05:05]} Nf5 {[%clk 1:01:28]} 33. Be1 {[%clk 0:02:34]} Rg8 {[%clk 1:00:40]} 34.
g4 {[%clk 0:01:47]} hxg4 {[%clk 1:01:02]} 35. fxg4 {[%clk 0:02:16]} Nd6 {[%clk
1:01:21]} 36. Bd2 {[%clk 0:01:37]} Ne4 {[%clk 1:01:46]} 37. Be3 {[%clk 0:01:51]}
Rh8 {[%clk 1:00:18]} 38. Rh2 {[%clk 0:01:45]} Rc8 {[%clk 0:59:41]} 39. Rc2 {[%clk
0:01:39]} Ra6 {[%clk 0:59:21]} 40. Rac1 {[%clk 0:30:42]} Rac6 {[%clk 1:29:25]}
41. c4 {[%clk 0:24:59]} bxc4+ {[%clk 1:29:47]} 42. bxc4 {[%clk 0:25:23]} Nd6
{[%clk 1:30:07]} 43. cxd5 {[%clk 0:19:12]} exd5 {[%clk 1:30:34]} 44. Rxc6 {[%clk
0:18:56]} Rxc6 {[%clk 1:30:55]} 45. Rxc6 {[%clk 0:19:03]} Kxc6 {[%clk 1:31:23]}
46. Bc1 {[%clk 0:12:49]} Ne4 {[%clk 1:31:12]} 47. Ke3 {[%clk 0:12:19]} Kd7 {[%clk
1:31:39]} 48. Ba3 {[%clk 0:10:07]} Ke6 {[%clk 1:31:22]} 49. Bf8 {[%clk 0:09:54]}
Kf7 {[%clk 1:30:02]} 50. Bb4 {[%clk 0:10:21]} Ke6 {[%clk 1:29:39]} 51. Bf8 {[%clk
0:10:09]} g5 {[%clk 1:27:54]} 52. hxg5 {[%clk 0:09:40]} Nxg5 {[%clk 1:27:49]} 53.
Kf4 {[%clk 0:08:41]} Kf7 {[%clk 1:27:58]} 54. Bb4 {[%clk 0:06:27]} Ne6+ {[%clk
1:27:40]} 55. Ke3 {[%clk 0:06:54]} Kg6 {[%clk 1:27:51]} 56. Bd6 {[%clk 0:04:40]}
Kg5 {[%clk 1:27:23]} 57. Be7 {[%clk 0:04:45]} Nc7 {[%clk 1:26:51]} 58. a4 {[%clk
0:03:19]} Na6 {[%clk 1:26:39]} 59. Kf3 {[%clk 0:00:47]} Nb8 {[%clk 1:27:07]} 60.
Bd6 {[%clk 0:00:42]} Nc6 {[%clk 1:27:34]} 61. Bf4+ {[%clk 0:01:01]} Kg6 {[%clk
1:27:37]} 62. Ke3 {[%clk 0:00:59]} Kf7 {[%clk 1:25:43]} 63. Kd3 {[%clk 0:01:12]}
Ke6 {[%clk 1:24:17]} 64. Kc3 {[%clk 0:01:02]} Kd7 {[%clk 1:23:11]} 65. Be3 {[%clk
0:00:58]} Ke6 {[%clk 1:09:58]} 66. Bh6 {[%clk 0:01:27]} Kf7 {[%clk 1:09:34]} 67.
Be3 {[%clk 0:01:26]} Kg6 {[%clk 1:09:59]} 68. Bc1 {[%clk 0:01:22]} f5 {[%clk
1:10:18]} 69. gxf5+ {[%clk 0:01:48]} Kxf5 {[%clk 1:10:47]} 70. Bh6 {[%clk
0:01:52]} Ke6 {[%clk 1:08:41]} 71. Bf4 {[%clk 0:02:02]} Kd7 {[%clk 1:09:09]} 72.
Bg3 {[%clk 0:01:10]} Nd8 {[%clk 1:09:28]} 73. Kb4 {[%clk 0:01:16]} Kc6 {[%clk
1:09:55]} 74. Be5 {[%clk 0:00:56]} Ne6 {[%clk 1:10:19]} 75. Bf6 {[%clk 0:01:06]}
Nf4 {[%clk 1:09:02]} 76. Bg7 {[%clk 0:01:23]} Nd3+ {[%clk 1:08:41]} 77. Kc3
{[%clk 0:01:45]} Nf2 {[%clk 1:09:07]} 78. Kb4 {[%clk 0:01:55]} 1/2-1/2